US Cities by Time Zone: Mountain Quiz Stats

 Plays Quiz Updated Oct 18, 2018

Score 0/26 Timer 08:00
13 Plays Today
Rank City % Correct
3Denver, Colorado
98.2%
1Phoenix, Arizona
89.4%
14Salt Lake City, Utah
83.9%
13Boise, Idaho
72.9%
7Colorado Springs, Colorado
66.9%
4Albuquerque, New Mexico
65.6%
5Tucson, Arizona
61.4%
2El Paso, Texas
52.1%
21Provo, Utah
44%
25Billings, Montana
43%
6Mesa, Arizona
41.6%
12Scottsdale, Arizona
37.6%
15Tempe, Arizona
36.5%
Rank City % Correct
8Aurora, Colorado
32.6%
10Glendale, Arizona
32.6%
17Fort Collins, Colorado
29.1%
26Pueblo, Colorado
23.5%
9Chandler, Arizona
17.3%
11Gilbert, Arizona
13.5%
16Peoria, Arizona
11.5%
19West Valley City, Utah
9.8%
18Lakewood, Colorado
9.4%
23Arvada, Colorado
8.9%
24West Jordan, Utah
7%
22Westminster, Colorado
6.7%
20Thornton, Colorado
5.6%

You're not logged in!

Compare scores with friends on all Sporcle quizzes.
OR
Log In

Sporcle TV

Today on Sporcle TV


Watch our educational content, quiz creation guides, and fun videos on Sporcle TV.

Show Comments

Extras

Top Quizzes Today


Score Distribution

Your Account Isn't Verified!

In order to create a playlist on Sporcle, you need to verify the email address you used during registration. Go to your Sporcle Settings to finish the process.

Report this User

Report this user for behavior that violates our Community Guidelines.

Details: